Ο θάνατος του αιώνιου

Αποθηκεύτηκε σε:
Λεπτομέρειες βιβλιογραφικής εγγραφής
Κύριος συγγραφέας: Reanney, D. C.
Άλλοι συγγραφείς: Σκαρβέλη, Γιάννα (trlf)
Μορφή: Βιβλίο
Γλώσσα:Greek
English
Δημοσίευση: Αθήνα : Κωσταράκης, c1992.
Θέματα:
Ετικέτες: Προσθήκη ετικέτας
Δεν υπάρχουν, Καταχωρήστε ετικέτα πρώτοι!

MARC

LEADER 00000cam a2200000 i 4500
001 1/15227
008 980522s1992 gr | ||| |||| ||gre||
020 |a 9607122070 
035 |l 10019734 
040 |a GR-MyUA  |b gre  |e AACR2 
041 1 |a gre  |h eng 
082 0 |a 127 
100 1 |a Reanney, D. C. 
245 1 2 |a Ο θάνατος του αιώνιου /   |c Darryl Reaney ; μετάφραση Σκαρβέλη Γιάννα.  
260 |a Αθήνα :   |b Κωσταράκης,   |c c1992.  
300 |a 309 σ.  
500 |a Τίτλος πρωτοτύπου: The death forever: a new furure for human consiousness.  
650 0 0 |a Death  |x Psychological aspects. 
650 0 0 |a Fear of death. 
650 0 0 |a Future life. 
700 1 |a Σκαρβέλη, Γιάννα,  |e trlf 
852 |a INST  |b LESVOS  |e 19980522  |h 127 REA  |p 005100013949  |q 005100013949  |t BK  |y 0 
901 |a BIBL-1998-2 
909 |a Λ  |b 056456 
922 |a 1ΕΛΗ  |b 199805  |c ΚΠΣ/ΤΠ  |d EMVASIS 
950 |a 107-1998-04-08